| 000 | 00996 a2200241 4500 | ||
|---|---|---|---|
| 001 | 29753 | ||
| 005 | 20260407155608.0 | ||
| 008 | 260407a1984 arg spa d | ||
| 003 | AR-UNSa-BCEJYS | ||
| 040 |
_aAR-UNSa-BCEJYS _bspa _cAR-UNSa-BCEJYS |
||
| 080 |
_a338.3 _xProducción |
||
| 245 | 1 | 0 | _aLecciones de teoría de la producción |
| 020 | _a968-16-1633-2 | ||
| 264 | 1 |
_aMéxico : _bFondo de Cultura Económica _c1984 |
|
| 300 |
_a373 p. _c21 cm. |
||
| 505 | _a1. Breve reseña de los antecedentes históricos - 2. Tabla input-output - 3. Un modelo lineal de producción - 4. El esquema Leontief - 5. El modelo teórico de Sraffa - 6. La elección de la técnica de producción - 7. Introducción a los modelos de producción dinámicos. | ||
| 041 | _aspa | ||
| 942 | _cBK | ||
| 590 | _aniveau_biblio:m niveau_hierar:0 | ||
| 100 | 1 | _aTormo, Luis | |
| 700 | 1 | _aPasinetti, Luigi | |
| 856 | 4 | 1 |
_uhttps://www.biblioeco.unsa.edu.ar/pmb/images/libros/L127498.jpg _yImagen de portada _qimage/jpeg |
| 999 |
_c1952 _d1952 |
||